000 00915cab a22001935a 4500
001 L142634
008 080226s2008 xxk f 000 0 eng d
035 _a(Sirsi) u142634
041 0 _aeng
100 1 _aMackmin, David
245 0 0 _aDual rate is defunct?
_ba review of dual rate valuation, its history and its relevance to today's UK leasehold market
260 _c2008
490 0 _aJournal of Property Investment and Finance
_v26(1) 2008, 80-95(16)
520 _aAims to solve the main problems in valuing brownfield sites. Finds that an approach to quantifying environmental uncertainty simulates a process used by buyers to establish the price paid for brownfields with contaminated land. Suggests that valuers need to emulate the buyer's processes when valuing this kind of property.
590 _aKA
651 4 _aUnited Kingdom
_y
690 _aPROPERTY-PROPERTY APPRAISAL AND VALUATION
942 _n0
999 _c79881
_d79881